000 00687nam a2200229Ia 4500
003 OSt
005 20220925191136.0
006 a|||||r|||| 00| 0
007 ta
008 220923b |||||||| |||| 00| 0 eng d
037 _cGeneral Book
040 _aRTL
_cRTL
_beng
041 _2eng
_aeng
082 _aX9(D8564).2.N69<N65r, K9.11-15
110 _aELECTROSTEEL CASTINGS LIMITED
_9240864
245 0 _aAnnual report,1965-66.
260 _aBombay
_bElectrosteel Castings Ltd
_c1969
300 _a22p.
_ccm.
700 _aELECTROSTEEL CASTINGS LIMITED
_9240865
942 _hX9(D8564).2.N69<N65r, K9.11-15
_cGB
_2CC
999 _c517388
_d517388